| 000 | 03061nam a22004097a 4500 | ||
|---|---|---|---|
| 005 | 20091216100134.0 | ||
| 008 | 091216t xxu||||| |||| 00| 0 eng d | ||
| 010 | _aB-380195-207 | ||
| 020 |
_a9780143065562 _c200.00 |
||
| 035 | _aB-380195-207 | ||
| 037 | _bUBH | ||
| 040 |
_adpl _bEnglish |
||
| 082 | _a720.954 | ||
| 245 |
_aQutb Minar / _cedited by Dipali Singh, Ankush Saikia [and] Suchismita Banerjee |
||
| 260 |
_aNew Delhi _bDorling Kindersley in association with Penguin Books _c2008 |
||
| 270 |
_a11 Community Centre, Panchsheel Park _bNew Delhi _e110017 |
||
| 300 |
_a31p.: _bcol photos _c24cm(pbk) |
||
| 490 | _aEyewitness travel | ||
| 700 | _aSingh, Dipali | ||
| 700 | _aSaikia, Ankush | ||
| 700 | _aBanerjee, Suchismita | ||
| 942 |
_2ddc _cCH _mQUT |
||
| 999 |
_c32958 _d32958 |
||